Espaces et paysages de l'urbanisation - 4ème - Statistiques

Statistiques générales
  • Ce quiz a été pris 304 fois
    262 depuis la dernière actualisation
  • Le résultat moyen est 5 sur 10
Statistiques - réponses
Question Réponse % Correct
Quelle est la définition de l'urbanisation Plus d'habitants en ville et expansion du territoire occupé par la ville.
84%
Qu'est ce qu'une mégapole Une ville de plus de 10 millions d'habitants.
74%
Quel est le principal objectif de la ville de Dubaï ? Le tourisme.
72%
Quelle est la ville la plus peuplée du monde en 2024 ? Tokyo.
64%
Quel pourcentage de la population vivra en ville en 2050 ? 65%
43%
Quels sont les deux grands espaces qui divisent la ville ? Centre et périphérie.
40%
Quelle méthode doit-on respecter quand on fait de la cartographie ? TOLE
36%
Quelle peut être un des défauts de l'urbanisation pour les villes ? L'uniformisation.
33%
A partir de quelle année y a t-il eu plus d'urbains que de ruraux en France ? 1930.
28%
Par combien la ville de Dubaï a t-elle multipliée sa population depuis 1900 ? Par 370.
28%
Aucun quiz correspondant
Distribution des résultats
% des personnes avec chaque résultat
Percentile par nombre de réponses
Votre historique - résultats
Vous n’avez pas pris ce quiz depuis la dernière actualisation